[Event "POL-ch U18 Girls"]
[Site "Jastrzebia Gora"]
[Date "2023.??.??"]
[Round "7"]
[White "Obrochta, Lena"]
[Black "Lochina, Justyna"]
[Result "1-0"]
[WhiteElo "1673"]
[BlackElo "1645"]
[PlyCount "103"]
[EventDate "2023.03.11"]
[EventType "swiss"]
[EventRounds "9"]
[EventCountry "POL"]
[SourceTitle "CBM 213 Extra"]
[Source "ChessBase"]
[SourceDate "2023.05.31"]
[SourceVersion "1"]
[SourceVersionDate "2023.05.31"]
[SourceQuality "1"]

1. e4 c5 2. Nf3 e6 3. d4 cxd4 4. Nxd4 Nc6 5. Nxc6 bxc6 6. Bd3 Nf6 7. 0-0 Qc7 8. Nd2 Be7 9. c4 d5 10. b3 dxe4 11. Nxe4 Nxe4 12. Bxe4 Bf6 13. Qf3 Bb7 14. Bf4 e5 15. Be3 Be7 16. Rfd1 g6 17. Bh6 Bf8 18. Qf6 Rg8 19. Bxf8 Kxf8 20. Rd6 Qe7 21. Bxc6 Qxf6 22. Rxf6 Bxc6 23. Rxc6 Kg7 24. Rd1 Rgd8 25. Rcd6 Re8 26. Kf1 a5 27. Ke2 f5 28. R1d5 e4 29. Ke3 Rec8 30. Kd4 h5 31. c5 Rab8 32. c6 a4 33. Rd7+ Kh6 34. Rb7 axb3 35. axb3 Rxb7 36. cxb7 Rb8 37. Rd7 Kg5 38. Kc5 Kf6 39. Kc6 Ke6 40. Rd1 f4 41. Kc7 Rxb7+ 42. Kxb7 Ke5 43. Kc6 e3 44. fxe3 fxe3 45. b4 Ke4 46. b5 e2 47. Re1 Ke3 48. b6 Kf2 49. Rxe2+ Kxe2 50. b7 Kf2 51. b8Q Kxg2 52. Qg3+ 1-0

[Event "POL-ch U18 Girls"]
[Site "Sypniewo"]
[Date "2022.03.23"]
[Round "5"]
[White "Lochina, Justyna"]
[Black "Krzyzosiak, Anna"]
[Result "1-0"]
[WhiteElo "1646"]
[BlackElo "1489"]
[PlyCount "95"]
[EventDate "2022.03.19"]
[EventType "swiss"]
[EventRounds "9"]
[EventCountry "POL"]
[SourceTitle "CBM 207 Extra"]
[Source "ChessBase"]
[SourceDate "2022.05.31"]
[SourceVersion "1"]
[SourceVersionDate "2022.05.31"]
[SourceQuality "1"]

1. e4 c5 2. Nf3 Nc6 3. d4 cxd4 4. Nxd4 Nf6 5. Nc3 d6 6. Bc4 Qb6 7. Nb3 e6 8. 0-0 Be7 9. Be3 Qc7 10. f4 0-0 11. Bd3 a6 12. Qf3 Nb4 13. Qg3 Nxd3 14. cxd3 d5 15. e5 Ne8 16. Rac1 Qd8 17. Na4 b5 18. Bb6 Qd7 19. Nac5 Qc6 20. Ba5 Bb7 21. Na4 Qd7 22. Nb6 Qd8 23. Nxa8 Qxa8 24. d4 Bc6 25. Bb6 b4 26. Bc5 Bxc5 27. Nxc5 Bb5 28. Rf2 Nc7 29. f5 exf5 30. Rxf5 Ne6 31. Nxe6 fxe6 32. Rc7 g6 33. Rf6 Qd8 34. Rc1 Rxf6 35. exf6 Qxf6 36. Qf2 Qxf2+ 37. Kxf2 h5 38. Rc7 Kf8 39. Ke3 Bc4 40. a3 bxa3 41. bxa3 Bf1 42. g3 Bc4 43. Kf4 Bd3 44. Ke5 Bf5 45. Ra7 Ke8 46. Rxa6 Kd7 47. Rd6+ Kc7 48. Rxe6 1-0

[Event "Rubinstein Memorial op-D 57th"]
[Site "Polanica Zdroj"]
[Date "2021.08.21"]
[Round "8"]
[White "Lochina, Justyna"]
[Black "Reichel, Lukasz"]
[Result "1/2-1/2"]
[WhiteElo "1526"]
[BlackElo "1759"]
[PlyCount "55"]
[EventDate "2021.08.14"]
[EventType "swiss"]
[EventRounds "9"]
[EventCountry "POL"]
[SourceTitle "CBM 204 Extra"]
[Source "ChessBase"]
[SourceDate "2021.11.30"]
[SourceVersion "1"]
[SourceVersionDate "2021.11.30"]
[SourceQuality "1"]

1. e4 c5 2. Nf3 d6 3. d4 cxd4 4. Nxd4 Nf6 5. Nc3 a6 6. Bc4 e6 7. Bb3 Nbd7 8. 0-0 Nc5 9. Re1 Be7 10. f4 Nxb3 11. axb3 0-0 12. f5 e5 13. Nf3 h6 14. Be3 Bd7 15. Bf2 Bc6 16. Qe2 b5 17. Rad1 Qc7 18. Bh4 Rfc8 19. Bxf6 Bxf6 20. Qd2 b4 21. Na2 Qb6+ 22. Qf2 Qc5 23. Nc1 Bb5 24. Rd2 Qxf2+ 25. Kxf2 Bd8 26. Kg3 Kf8 27. Na2 a5 28. c3 1/2-1/2

[Event "Rubinstein Memorial op-D 57th"]
[Site "Polanica Zdroj"]
[Date "2021.08.16"]
[Round "3"]
[White "Lochina, Justyna"]
[Black "Kocierz, Pawel"]
[Result "0-1"]
[WhiteElo "1526"]
[BlackElo "1821"]
[PlyCount "148"]
[EventDate "2021.08.14"]
[EventType "swiss"]
[EventRounds "9"]
[EventCountry "POL"]
[SourceTitle "CBM 204 Extra"]
[Source "ChessBase"]
[SourceDate "2021.11.30"]
[SourceVersion "1"]
[SourceVersionDate "2021.11.30"]
[SourceQuality "1"]

1. e4 c5 2. Nf3 g6 3. d4 cxd4 4. Nxd4 Bg7 5. Nc3 Nc6 6. Be3 Nf6 7. Bc4 Qa5 8. Nb3 Qb4 9. Bd3 Nxe4 10. 0-0 Nxc3 11. bxc3 Qxc3 12. Rb1 d6 13. Bc1 Ne5 14. Bb5+ Kf8 15. Bb2 Qc7 16. Re1 Bf5 17. Nd4 Rc8 18. Qe2 Nc6 19. Bxc6 bxc6 20. Nxf5 gxf5 21. Bxg7+ Kxg7 22. Qxe7 Qxe7 23. Rxe7 Rb8 24. Rd1 Rhe8 25. Rxa7 Re2 26. g3 Rxc2 27. Rxd6 Rb1+ 28. Kg2 Rbb2 29. Rdd7 Rxf2+ 30. Kg1 Rg2+ 31. Kf1 Rxh2 32. Rxf7+ Kg6 33. Rg7+ Kf6 34. Kg1 Rxa2 35. Rxa2 Rxa2 36. Rxh7 Rc2 37. Rh4 Kg5 38. Ra4 c5 39. Kf1 c4 40. Ke1 Kg4 41. Kd1 Rf2 42. Rxc4+ Kxg3 43. Rc8 f4 44. Rg8+ Kf3 45. Ke1 Re2+ 46. Kf1 Ra2 47. Kg1 Ra1+ 48. Kh2 Ra3 49. Rb8 Ra2+ 50. Kg1 Ra1+ 51. Kh2 Re1 52. Rf8 Ke3 53. Kg2 Re2+ 54. Kf1 Ra2 55. Re8+ Kf3 56. Kg1 Ra1+ 57. Kh2 Kf2 58. Rb8 Re1 59. Rb2+ Kf1 60. Rb3 Re2+ 61. Kh1 Kf2 62. Rb8 Re5 63. Rb2+ Kg3 64. Rg2+ Kf3 65. Rg8 Ke3 66. Kg2 Ke2 67. Rf8 Rg5+ 68. Kh2 f3 69. Rb8 Rg2+ 70. Kh1 Kf2 71. Rb2+ Kg3 72. Rb3 Re2 73. Rb1 Rh2+ 74. Kg1 f2+ 0-1

[Event "Warsaw Najdorf Memorial op-B"]
[Site "Warsaw"]
[Date "2021.07.12"]
[Round "3"]
[White "Lochina, Justyna"]
[Black "Smetek, Michal"]
[Result "0-1"]
[WhiteElo "1514"]
[BlackElo "1315"]
[PlyCount "100"]
[EventDate "2021.07.10"]
[EventType "swiss"]
[EventRounds "9"]
[EventCountry "POL"]
[SourceTitle "EXT 2022"]
[Source "ChessBase"]
[SourceDate "2021.10.06"]
[SourceVersion "1"]
[SourceVersionDate "2021.10.06"]
[SourceQuality "1"]

1. e4 c5 2. Nf3 a6 3. d4 cxd4 4. Nxd4 Nf6 5. Nc3 e5 6. Nf3 Bb4 7. Bd2 d6 8. Bd3 0-0 9. 0-0 h6 10. a3 Ba5 11. b4 Bc7 12. Bc4 Be6 13. Qe2 Nbd7 14. Rad1 Nb6 15. Bb3 Qe7 16. Be3 Ng4 17. Bxb6 Bxb6 18. Nd5 Bxd5 19. Bxd5 Nf6 20. Qd3 Nxd5 21. Qxd5 Rfd8 22. Nd2 Rac8 23. Nc4 Bd4 24. Rd2 Qe6 25. Ne3 Bxe3 26. fxe3 Qxd5 27. Rxd5 Rxc2 28. Rfd1 Re2 29. Rxd6 Rxd6 30. Rxd6 Rxe3 31. Rd8+ Kh7 32. Rd7 Rxa3 33. Rxb7 Rb3 34. Kf2 a5 35. b5 a4 36. Rxf7 Rxb5 37. Ra7 Rb4 38. Kf3 Kg6 39. Ra5 Kf6 40. Ra6+ Kg5 41. g3 Rb3+ 42. Kg2 a3 43. h4+ Kh5 44. Kh3 g5 45. hxg5 hxg5 46. Kg2 Kg4 47. Ra5 Rb2+ 48. Kf1 a2 49. Rxa2 Rxa2 50. Ke1 Kxg3 0-1